LDR 01185naa#a2200217#i#450# 001 RU\FGKOU VO SPBU MVD ROSSII\bibl\120398 005 20260701110556.3 011 ## _a2071-8284 100 ## _a20260630b2026####ek#y0rusy0150####ca 101 0# _aRUS 102 ## _aRU 200 1# _aВнутригрупповые отношения и климат в служебных коллективах сотрудников с различной оценкой управленческого потенциала руководителя _eЖурнальная статья 210 1# _aСанкт-Петербург _cСАНКТ-ПЕТЕРБУРГСКИЙ УНИВЕРСИТЕТ МИНИСТЕРСТВА ВНУТРЕННИХ ДЕЛ РОССИЙСКОЙ ФЕДЕРАЦИИ _d2026 215 ## _a11 с. 608 ## _aЖурнальная статья _2local 675 ## _aПсихология. 159.9 _zRUS 700 #1 _aДухновский _gСергей Витальевич 700 #1 _aГайдамашко _gИгорь Вячеславович 700 #1 _aШелепина _gЭллина Константиновна 700 #1 _aШахматов _gАлександр Владимирович 856 4# _aepinb.ru _u